000 00700nam a2200253Ia 4500
003 OSt
005 20221005043417.0
006 a|||||r|||| 00| 0
007 ta
008 221004b |||||||| |||| 00| 0 eng d
024 _a71824
037 _cTextual
040 _aCRL
_cCRL
_beng
041 _2eng
_aeng
082 _aY15:1.2'D, N9
100 _aVats S Ed.
_9591482
245 0 _aWomen and society in ancient India
260 _aFaridabad
_bOm Publications India
_c1999
300 _a330p.
_ccm.
650 _aSOCIOLOGY
700 _a Mudgal Shakuntala Ed.
_9591483
942 _hY15:1.2'D, N9
_cTEXL
_2cc
999 _c951779
_d951779